Score 0/20 Timer 02:00
2 Plays Today
Hint 4-Letter Word % Correct
● Birthplace of Civil Rights leader Martin Luther ___ Jr. ●●KING●
97%
● State song: 'Georgia on My ___' ●●MIND●
95.2%
Green citrus fruitLIME
94.5%
Sudden and very loud noiseBANG
94.5%
A bend or pinch, perhaps in a garden hoseKINK
93.7%
Microsoft-operated search engineBING
93.6%
Become submerged in waterSINK
93.4%
Underground explosive deviceMINE
93.4%
'Addams Family' butler, Lurch's response: 'You ___?'RANG
92.6%
Shortest distance between two pointsLINE
92%
Hint 4-Letter Word % Correct
Trigonometric functionSINE
91.7%
Corporal or sergeant, e.g.RANK
91.4%
Hair fixing toolCOMB
87.6%
● Slugger Aaron who hit 715th HR with Braves ●●HANK●
86.1%
Jenny the 'Swedish Nightingale'LIND
85.4%
Arrive toCOME
85.1%
● A member of Georgia's NBA team ● ●HAWK●
67.1%
'The ___ of the Ancient Mariner' RIME
66.5%
● Largest city northwest of Atlanta in Georgia ●●ROME●
65.3%
● Georgia's 3rd largest county with Marietta ●●COBB●
37.7%

Today's Daily Dose

Quick Pick
Seven Wonders

Get the Picture
Big 4 'L' All-Stars

Remove Ads.
Support Sporcle.
Get the best of Sporcle when you Go Orange. This ad-free experience offers more features, more stats, and more fun while also helping to support Sporcle. Thank you for becoming a member.

You're not logged in!

Compare scores with friends on all Sporcle quizzes.
OR
Log In

Sporcle TV

Today on Sporcle TV


Watch our educational content, quiz creation guides, and fun videos on Sporcle TV.

Show Comments

Extras

Top Quizzes Today


Score Distribution

Paid Content

Your Account Isn't Verified!

In order to create a playlist on Sporcle, you need to verify the email address you used during registration. Go to your Sporcle Settings to finish the process.

Report this User

Report this user for behavior that violates our Community Guidelines.

Details: